Multiple equilibrium, variability, and the development process

Na minha lista:
Detalhes bibliográficos
Autor principal: Carranza, Luis
Outros Autores: Galdón-Sánchez, José E.
Formato: Livro
Idioma:inglês
Publicado em: Washington IMF 1998
Colecção:IMF Working Paper 62
Assuntos:
Tags: Adicionar Tag
Sem tags, seja o primeiro a adicionar uma tag!

MARC

LEADER 00000nam a2200000 4500
001 c102607
005 20221221083028.2
041 0 |a eng 
044 |a US 
245 1 0 |a Multiple equilibrium, variability, and the development process  |c Luis Carranza and José E. Galdón-Sánchez 
264 1 |a Washington  |b IMF  |c 1998 
300 |a 28 s. 
490 1 |a IMF Working Paper  |v 62 
830 0 |a IMF Working Paper  |v 62 
610 2 0 |a rovnováha rastu hospodárskeho 
610 2 0 |a úver 
610 2 0 |a úver investičný 
610 2 0 |a investície 
610 2 0 |a trh práce 
610 2 0 |a modely ekonomicko-matematické 
610 2 0 |a rozhodovanie 
610 2 0 |a produkt domáci hrubý 
100 1 |a Carranza, Luis 
700 1 |a Galdón-Sánchez, José E.